01653nam a2200373 a 4500001001000000003000500010005001700015008004100032010001100073011001100084040000900095090001000104100003800114245018700152260005700339500006000396502009700456590004100553590004100594590004000635590004000675590004000715650003300755650004300788650002900831650003100860856007000891901000700961942001000968942000600978999001900984952014001003952013601143000111286CHAP20220329144205.0150126s2014 mx a |sm |||||||spa d a107748 a108720 cCHAP aTesis1 aGarcía Hilario, Fabiana912911610aAgrícultura Campecina:h[En línea]bla crisis de la milpa y la erosión biológica y cultural en San Juan de las Nieves, Manilaltepec, Guerrero /cpor Fabiana García Hilario. aSan Cristobal de las Casa, Chis. :bEl autor,c2014. aPara ver el contenido del material haga clic en la liga aTesis (M.C. en Desarrollo Rural Regional) -- UACH. Dirección General de Centros Regionales aE11695DGDb10c20150129lUCH01h1504 aE11695DGDb10c20150129lUCH01h1504 aE5652GLJb05c20150126lUCH01h1500 aE5652GLJb05c20150126lUCH01h1501 aE5652GLJb05c20150128lUCH01h092014aCultivosxVariedades.93033214aMaízxMalas hierbasxControl.97100314aMaízzGuerrero.97109214aSuelosxErosión.9110357 aFinding aiduhttp://10.13.5.2/tesis/sist111286.pdfzTeclea aquí aBK cTESIS n0 c107748d107748 00102local4053708TESISaBCbBCcPA_TESISd2015-01-28fTESISl0oTesisp33724002443991r2019-12-31 00:00:00tc.2w2019-12-31yTESIS 00104054718TESISaBCbBCd2015-01-28fTESISl0oTesisp33724002444538r2019-12-31 00:00:00w2019-12-31yTESISzRecien adquirido